| 000 | 00567nam a2200181 i 4500 | ||
|---|---|---|---|
| 001 | 131529 | ||
| 003 | ES-MaACL | ||
| 005 | 20230906194011.0 | ||
| 007 | t| | ||
| 008 | 070214s1938 sp r ||||1| spa d | ||
| 100 | 1 |
_aRodríguez Alvarez, Manuel. _998335 |
|
| 245 | 1 | 0 |
_aIdentificación dactiloscopia / _cManuel Rodríguez Alvarez, Luis Planelles Lluch. |
| 260 |
_aValencia : _bJesús Bernés, _c1938. |
||
| 300 |
_a158 p. : _bil. ; _c22 cm. |
||
| 650 | 4 |
_aDactiloscopia. _9151776 |
|
| 700 | 1 |
_aPlanelles Lluch, Luis. _992550 |
|
| 852 |
_aES-MaACL _jB-9224 _bR.18021 |
||
| 999 |
_c131529 _d131529 |
||